000 00970nam a2200265 a 4500
001 1542
003 BR-CuiBMT
005 20231214235036.0
008 231213s2014 dfba 000 0 por d
040 _aBR-CuiBMT
_cBR-CuiBMT
080 _a35:005.591.6
_22007
090 _a35:005.591.6
_bO48i
100 1 _aOliveira, Luiz Guilherme de
245 0 0 _aInovação no setor público :
_buma reflexão a partir das experiências premiadas no concurso inovação na gestão pública federal /
_cLuiz Guilherme de Oliveira, Rafael Liberal Ferreira de Santana, Vanessa Cabral Gomes
260 _aBrasília :
_bENAP ;
_c2014.
300 _a59 p. :
_bil. ;
_c30 cm
490 1 _aCadernos ENAP ;
_v38
504 _aInclui bibliografia.
650 _aAdministração pública
_xGestão
650 _aAdministração pública
_xInovação
700 1 _aSantana, Rafael Liberal Ferreira de
700 1 _aGomes, Vanessa Cabral
830 _aCadernos ENAP ;
_v38
942 _2udc
_cLV
999 _c1542
_d1542